Normal view
MARC view
- Building Owners and Managers Association International
Entry Corporate Name
001 - CONTROL NUMBER
- control field: 6157
003 - CONTROL NUMBER IDENTIFIER
- control field: OSt
005 - DATE AND TIME OF LATEST TRANSACTION
- control field: 20190806150250.0
008 - FIXED-LENGTH DATA ELEMENTS
- fixed length control field: 150730n| acannaabn |n ana d
040 ## - CATALOGING SOURCE
- Original cataloging agency: OSt
- Transcribing agency: OSt
110 2# - HEADING--CORPORATE NAME
- Corporate name or jurisdiction name as entry element: Building Owners and Managers Association International
670 ## - SOURCE DATA FOUND
- Source citation: Retail buildings, 2010